| 000 | 00436nam a2200181Ia 4500 | ||
|---|---|---|---|
| 008 | 230711s9999||||xx |||||||||||||| ||und|| | ||
| 020 | _a978-93-325-1875-9 | ||
| 041 | _aENG | ||
| 082 |
_a3.83 _bB-D |
||
| 100 | _aBanks,Jerry | ||
| 245 | 0 | _aDiscrete-event system simulation | |
| 250 | _a5th Ed. | ||
| 260 |
_c2014 _aNew Delhi _bPearson |
||
| 300 | _a564p. | ||
| 650 | _aComputer Engineering | ||
| 700 | _aCarson,John S | ||
| 942 | _cBK | ||
| 999 |
_c6010 _d6010 |
||